<?xml version="1.0" encoding="UTF-8"?>
<record
    xmlns:xsi="http://www.w3.org/2001/XMLSchema-instance"
    xsi:schemaLocation="http://www.loc.gov/MARC21/slim http://www.loc.gov/standards/marcxml/schema/MARC21slim.xsd"
    xmlns="http://www.loc.gov/MARC21/slim">

  <leader>02238nam a22003257a 4500</leader>
  <controlfield tag="001">4468</controlfield>
  <controlfield tag="003">FISKH</controlfield>
  <controlfield tag="005">20240911161647.0</controlfield>
  <controlfield tag="008">240911b        cb ||||| |||| 00| 0 eng d</controlfield>
  <datafield tag="020" ind1=" " ind2=" ">
    <subfield code="a">9789995094706</subfield>
  </datafield>
  <datafield tag="040" ind1=" " ind2=" ">
    <subfield code="a">FISKH</subfield>
    <subfield code="b">Bilingual</subfield>
    <subfield code="c">FISKH</subfield>
    <subfield code="d">FISKH</subfield>
  </datafield>
  <datafield tag="050" ind1=" " ind2=" ">
    <subfield code="a">PZ7</subfield>
  </datafield>
  <datafield tag="082" ind1=" " ind2=" ">
    <subfield code="a">900</subfield>
  </datafield>
  <datafield tag="100" ind1=" " ind2=" ">
    <subfield code="a">Sotheary, Kimsun </subfield>
    <subfield code="e">author </subfield>
  </datafield>
  <datafield tag="245" ind1=" " ind2=" ">
    <subfield code="a">&#x1794;&#x1780;&#x17D2;&#x179F;&#x17B8;&#x1785;&#x17B6;&#x17C6;&#x1780;&#x17D2;&#x179A;&#x17BB;&#x1784; /</subfield>
    <subfield code="c">by Kimsun Sotheary </subfield>
  </datafield>
  <datafield tag="250" ind1=" " ind2=" ">
    <subfield code="a">&#x1785;&#x17C1;&#x1789;&#x1795;&#x17D2;&#x179F;&#x17B6;&#x1799;&#x1781;&#x17C2;&#x1792;&#x17D2;&#x1793;&#x17BC; &#x17E2;&#x17E0;&#x17E0;&#x17E8;</subfield>
  </datafield>
  <datafield tag="260" ind1=" " ind2=" ">
    <subfield code="a">&#x1797;&#x17D2;&#x1793;&#x17C6;&#x1796;&#x17C1;&#x1789; : </subfield>
    <subfield code="b">Reading Books ;</subfield>
    <subfield code="c">&#x17E2;&#x17E0;&#x17E0;&#x17E8; . </subfield>
  </datafield>
  <datafield tag="300" ind1=" " ind2=" ">
    <subfield code="a">28 pages : </subfield>
    <subfield code="b">color illustrations ; </subfield>
    <subfield code="c">26 cm . </subfield>
  </datafield>
  <datafield tag="490" ind1=" " ind2=" ">
    <subfield code="a">&#x1796;&#x17B7;&#x1797;&#x1796;&#x179A;&#x17BF;&#x1784;&#x1793;&#x17B7;&#x1791;&#x17B6;&#x1793;</subfield>
  </datafield>
  <datafield tag="505" ind1=" " ind2=" ">
    <subfield code="a">M 
</subfield>
  </datafield>
  <datafield tag="520" ind1=" " ind2=" ">
    <subfield code="a">&#x1780;&#x17D2;&#x179A;&#x17C4;&#x1799;&#x1796;&#x17B8;&#x1796;&#x17D2;&#x179A;&#x17C7;&#x1794;&#x17B6;&#x1791;&#x1785;&#x1780;&#x17D2;&#x179A;&#x1796;&#x178F;&#x17D2;&#x178F;&#x17B7; &#x1791;&#x17D2;&#x179A;&#x1784;&#x17CB;&#x1796;&#x17D2;&#x179A;&#x17C7;&#x1791;&#x17B7;&#x179C;&#x1784;&#x17D2;&#x1782;&#x178F;&#x1791;&#x17C5; &#x1780;&#x17CF;&#x1798;&#x17B6;&#x1793;&#x1794;&#x17BB;&#x179A;&#x179F;&#x1798;&#x17D2;&#x1793;&#x17B6;&#x1780;&#x17CB;&#x1788;&#x17D2;&#x1798;&#x17C4;&#x17C7;&#x178A;&#x17C6;&#x1794;&#x1784;&#x1782;&#x17D2;&#x179A;&#x1789;&#x17BC;&#x1784;&#x1798;&#x17B6;&#x1793;&#x1794;&#x17D2;&#x1789;&#x1791;&#x17D2;&#x1792;&#x17B7;&#x17A2;&#x17C6;&#x1793;&#x17B6;&#x1785;&#x1781;&#x17D2;&#x179B;&#x17B6;&#x17C6;&#x1784;&#x1796;&#x17BC;&#x1780;&#x17C2; &#x1794;&#x17B6;&#x1793;&#x179F;&#x17C4;&#x1799;&#x179A;&#x17B6;&#x1787;&#x17D2;&#x1799;&#x1780;&#x17D2;&#x1793;&#x17BB;&#x1784;&#x179A;&#x1787;&#x17D2;&#x1787;&#x1780;&#x17B6;&#x179B;&#x1791;&#x17B8;&#x17E1;&#x17E7; &#x178A;&#x17C2;&#x179B;&#x1787;&#x17B6;&#x17A2;&#x17D2;&#x1793;&#x1780;&#x1794;&#x1784;&#x17D2;&#x1782;&#x17B6;&#x1794;&#x17CB;&#x17A2;&#x17C4;&#x1799;&#x1792;&#x17D2;&#x179C;&#x17BE;&#x1782;&#x17BB;&#x178F;&#x1796;&#x17D2;&#x179A;&#x17C7;&#x179A;&#x17B6;&#x1787;&#x179C;&#x1784;&#x17D2;&#x179F;&#x17B6;&#x1793;&#x17BB;&#x179C;&#x1784;&#x17D2;&#x179F;&#x1798;&#x17BB;&#x1793;&#x200B;&#x17D4; &#x1780;&#x17B6;&#x179B;&#x1793;&#x17C4;&#x17C7;&#x200B; &#x1798;&#x17B6;&#x1793;&#x17A2;&#x17D2;&#x1793;&#x1780;&#x1798;&#x17D2;&#x1793;&#x17B6;&#x1784;&#x1798;&#x17D2;&#x1793;&#x17B6;&#x1780;&#x17CB;&#x1791;&#x17D2;&#x179A;&#x1784;&#x17CB;&#x1798;&#x17B6;&#x1793;&#x1796;&#x17D2;&#x179A;&#x17C7;&#x1782;&#x1797;&#x17CF;&#x1794;&#x17B6;&#x1793;&#x1797;&#x17C0;&#x179F;&#x1781;&#x17D2;&#x179B;&#x17BD;&#x1793;&#x1798;&#x1780;&#x1793;&#x17C5;&#x1787;&#x17B6;&#x1798;&#x17BD;&#x1799;&#x178F;&#x17B6;&#x1782;&#x17A0;&#x17C1; &#x1793;&#x17B7;&#x1784;&#x1799;&#x17B6;&#x1799;&#x179B;&#x17B6;&#x1780;&#x17CB; &#x17D4; &#x178F;&#x17B6;&#x1782;&#x17A0;&#x17C1;&#x179F;&#x17D2;&#x179A;&#x179B;&#x17B6;&#x1789;&#x17CB;&#x1791;&#x17B6;&#x179A;&#x1780;&#x1793;&#x17C4;&#x17C7;&#x178E;&#x17B6;&#x179F;&#x17CB;&#x17A0;&#x17BE;&#x1799;&#x1780;&#x17CF;&#x1794;&#x17B6;&#x1793;&#x178A;&#x17B6;&#x1780;&#x17CB;&#x1788;&#x17D2;&#x1798;&#x17C4;&#x17C7;&#x17A2;&#x17C4;&#x1799;&#x1790;&#x17B6; &#x1794;&#x1780;&#x17D2;&#x179F;&#x17B8;&#x1785;&#x17B6;&#x17C6;&#x1780;&#x17D2;&#x179A;&#x17BB;&#x1784; &#x17D4;&#x200B;</subfield>
  </datafield>
  <datafield tag="520" ind1=" " ind2=" ">
    <subfield code="a">After the death of the emperor, a powerful man named Dambang Kronhoung reigned in the 17th reign, who ordered the assassination of the first royal family. At that time, there was a concubine who fled to live with Tak He and Yeay Lak.
He loved the baby so much that he named it Bird City.</subfield>
  </datafield>
  <datafield tag="521" ind1="8" ind2=" ">
    <subfield code="a">550 
</subfield>
    <subfield code="b">Lexile estimate 
</subfield>
  </datafield>
  <datafield tag="521" ind1="8" ind2=" ">
    <subfield code="a">M 
</subfield>
    <subfield code="b">Raz-Plus 
</subfield>
  </datafield>
  <datafield tag="650" ind1=" " ind2=" ">
    <subfield code="a">&#x178A;&#x17C6;&#x1794;&#x1784;&#x1782;&#x17D2;&#x179A;&#x1789;&#x17BC;&#x1784; </subfield>
    <subfield code="v">&#x179A;&#x17BF;&#x1784;&#x1794;&#x17D2;&#x179A;&#x178C;&#x17B7;&#x178F;</subfield>
  </datafield>
  <datafield tag="650" ind1=" " ind2=" ">
    <subfield code="a"> Rosewood sticks</subfield>
    <subfield code="v">fiction </subfield>
  </datafield>
  <datafield tag="700" ind1=" " ind2=" ">
    <subfield code="a">San, Thai </subfield>
    <subfield code="e">illustrator </subfield>
  </datafield>
  <datafield tag="942" ind1=" " ind2=" ">
    <subfield code="2">ddc</subfield>
    <subfield code="c">KHB</subfield>
    <subfield code="n">0</subfield>
  </datafield>
  <datafield tag="999" ind1=" " ind2=" ">
    <subfield code="c">4468</subfield>
    <subfield code="d">4468</subfield>
  </datafield>
  <datafield tag="952" ind1=" " ind2=" ">
    <subfield code="0">0</subfield>
    <subfield code="1">0</subfield>
    <subfield code="2">ddc</subfield>
    <subfield code="4">0</subfield>
    <subfield code="7">0</subfield>
    <subfield code="8">KH</subfield>
    <subfield code="a">002</subfield>
    <subfield code="b">002</subfield>
    <subfield code="c">TTP Khmer</subfield>
    <subfield code="d">2024-09-11</subfield>
    <subfield code="l">0</subfield>
    <subfield code="o">SOT PZ7 900</subfield>
    <subfield code="p">FIS03887</subfield>
    <subfield code="r">2024-09-11 13:42:54</subfield>
    <subfield code="t">1</subfield>
    <subfield code="w">2024-09-11</subfield>
    <subfield code="y">KHB</subfield>
  </datafield>
  <datafield tag="952" ind1=" " ind2=" ">
    <subfield code="0">0</subfield>
    <subfield code="1">0</subfield>
    <subfield code="2">ddc</subfield>
    <subfield code="4">0</subfield>
    <subfield code="7">0</subfield>
    <subfield code="8">KH</subfield>
    <subfield code="a">002</subfield>
    <subfield code="b">002</subfield>
    <subfield code="c">TTP Khmer</subfield>
    <subfield code="d">2025-09-16</subfield>
    <subfield code="l">0</subfield>
    <subfield code="o">SOT PZ7 900</subfield>
    <subfield code="p">FIS04110</subfield>
    <subfield code="r">2025-09-16 11:46:11</subfield>
    <subfield code="t">2</subfield>
    <subfield code="w">2025-09-16</subfield>
    <subfield code="y">KHB</subfield>
  </datafield>
  <datafield tag="952" ind1=" " ind2=" ">
    <subfield code="0">0</subfield>
    <subfield code="1">0</subfield>
    <subfield code="2">ddc</subfield>
    <subfield code="4">0</subfield>
    <subfield code="7">0</subfield>
    <subfield code="8">KH</subfield>
    <subfield code="a">002</subfield>
    <subfield code="b">002</subfield>
    <subfield code="c">TTP Khmer</subfield>
    <subfield code="d">2025-10-09</subfield>
    <subfield code="l">0</subfield>
    <subfield code="o">SOT PZ7 900</subfield>
    <subfield code="p">FISBK03892</subfield>
    <subfield code="r">2025-10-09 14:19:04</subfield>
    <subfield code="t">3</subfield>
    <subfield code="w">2025-10-09</subfield>
    <subfield code="y">KHB</subfield>
  </datafield>
</record>
